Die Wirkung langdauernder Eiweissmangeldiät und chronischer CCI-Intoxikation auf das submikroskopische Bild der Rattenleber

Elmentve itt :
Bibliográfiai részletek
Szerzők: David Heinz
Lunzenauer Kurt
Bartók István
Dokumentumtípus: Cikk
Megjelent: 1962
Sorozat:Kolligátum
Kulcsszavak:Kísérleti állatok, Májbetegség, Máj - élettan, Biológia - molekuláris - laboratóriumi technika
Online Access:http://misc.bibl.u-szeged.hu/27140
LEADER 00773nab a2200193 i 4500
001 misc27140
005 20191111110348.0
008 170928s1962 hu o 0|| zxx d
040 |a SZTE Miscellanea Repozitórium  |b hun 
041 |a zxx 
100 1 |a David Heinz 
245 1 4 |a Die Wirkung langdauernder Eiweissmangeldiät und chronischer CCI-Intoxikation auf das submikroskopische Bild der Rattenleber  |h [elektronikus dokumentum] /  |c  David Heinz 
260 |c 1962 
300 |a 1-7 
490 0 |a Kolligátum 
695 |a Kísérleti állatok, Májbetegség, Máj - élettan, Biológia - molekuláris - laboratóriumi technika 
700 0 1 |a Lunzenauer Kurt  |e aut 
700 0 1 |a Bartók István  |e aut 
856 4 0 |u http://misc.bibl.u-szeged.hu/27140/1/020_001_001-007.pdf  |z Dokumentum-elérés